Computer programming : a mixed language approach /
Guardado en:
| Autor Principal: | |
|---|---|
| Otros Autores: | |
| Formato: | Libro |
| Idioma: | English |
| Publicado: |
New York :
Academic Press,
[1964]
|
| Materias: | |
| Etiquetas: |
Agregar Etiqueta
Sin Etiquetas, Sea el primero en etiquetar este registro!
|
| LEADER | 00624cam a22001931a 4500 | ||
|---|---|---|---|
| 001 | MAT.inmabb005628 | ||
| 008 | 831228s1964####nyua##########000#0#eng## | ||
| 005 | 20130406184900.0 | ||
| 245 | 1 | 0 | |a Computer programming : |b a mixed language approach / |c by Marvin L. Stein and William D. Munro. |
| 260 | |a New York : |b Academic Press, |c [1964] | ||
| 300 | |a xiv, 459 p. : |b il. ; |c 24 cm. | ||
| 510 | 4 | |a MR, |c 29 #6665 | |
| 100 | 1 | |a Stein, Marvin L. | |
| 700 | 1 | |a Munro, William D. | |
| 650 | 0 | |a Computer programming. | |
| 084 | |a 68Nxx |2 msc2000 | ||
| 010 | |a 64020324 | ||
| 040 | |a DLC/ICU |c ICU |d DLC | ||
| 859 | |h 68 |i St819 |p A-2222 |b BIB. MATEMATICA | ||
